000 01506cam a22004214i 4500
003 PE-LiUPU
005 20250811093414.0
008 150617s r 000 0 d
035 _a(Sirsi) a11857
040 _aPE-LiUPU
_bspa
_cPE-LiUPU
_erda
049 _aPRUA
082 0 4 _a225
_bB35
_221
130 _aBiblia
_pN.T.
_lEspañol
_sPablo Besson
_f1919.
245 1 3 _aEl Nuevo Testamento :
_bVersión de Pablo Besson /
_ctraducido por Besson, Pablo.
264 1 _aBuenos Aires :
_bTalleres gráficos "Schenone",
_c1919.
300 _as/p ;
_c27 cm.
336 _atext
_2rdacontent
337 _aunmediated
_2rdamedia
338 _avolume
_2rdacarrier
500 _aLibro físico no apto para circulación, consultar la versión digital aquí: https://dn721807.ca.archive.org/0/items/nuevo-testamento-de-pablo-besson-i/Nuevo%20testamento%20de%20Pablo%20Besson%20I.pdf
505 0 _aMateo hasta Apocalipsis.
526 _aSEG42
526 _aSEG41
526 _aSEG40
526 _aSEG39
526 _aP94
526 _aP87
526 _aP86
526 _aP85
526 _aP77
526 _aP76
526 _aP35
630 _aBiblia
_pNuevo Testamento
_lEspañol
_sPablo Besson
_f1919.
856 4 0 _uhttps://dn721807.ca.archive.org/0/items/nuevo-testamento-de-pablo-besson-i/Nuevo%20testamento%20de%20Pablo%20Besson%20I.pdf
_zAcceso en línea al libro completo.
942 _2ddc
_cBK
980 _818226
_gJaime Vilcazán Jefe de Análisis Documental
999 _c2050
_d2050